| 000 | 01223 a2200229 4500 | ||
|---|---|---|---|
| 003 | Nust | ||
| 005 | 20230222114106.0 | ||
| 010 | _a 84004275 | ||
| 020 | _a0521266297 | ||
| 040 | _cNust | ||
| 082 | 0 | 0 | _a515.45,DEL |
| 100 | 1 |
_aDelves, L. M. _9109457 |
|
| 245 | 1 | 0 |
_aComputational methods for integral equations / _cL.M. Delves & J.L. Mohamed. |
| 260 |
_aCambridge [Cambridgeshire] ; _aNew York : _bCambridge University Press, _c1985. |
||
| 300 |
_axii, 376 p. : _bill. ; _c24 cm. |
||
| 505 | _aIntroduction And Preliminaries (Page-1), The Space (Page-12), Numerical Quadrature (Page-24), Introduction To The Theory Of Linear Integral (Page-66), The Nystrom (Page-80), Quadrature Methods For Voltera (Page-115), Numerical Techniques For Expansion Methods (Page-189), Singular Integral Equations (Page-261), Integral Equations Of The First Kind (Page-299), Integro Differential Equations (Page-326). | ||
| 650 | 0 |
_aIntegral equations _xNumerical solutions. _9109458 |
|
| 700 | 1 |
_aMohamed, J. L. _9109459 |
|
| 856 | 4 | 2 |
_3Publisher description _uhttp://www.loc.gov/catdir/description/cam031/84004275.html |
| 856 | 4 | 2 |
_3Table of contents only _uhttp://www.loc.gov/catdir/enhancements/fy0901/84004275-t.html |
| 942 |
_2ddc _cBK |
||
| 999 |
_c181873 _d181873 |
||